EDUCATIONAL ELECTRONIC EXPERIMENTS SOLID STATE U.H.F MICROWAVE OSCILLATOR (IGHZ) (Record no. 584808)
[ view plain ]
| 000 -LEADER | |
|---|---|
| fixed length control field | 00271nam a22000977a 4500 |
| 082 ## - DEWEY DECIMAL CLASSIFICATION NUMBER | |
| Classification number | 621.381 EDU'M |
| 100 ## - MAIN ENTRY--PERSONAL NAME | |
| Personal name | MULARD |
| 9 (RLIN) | 79816 |
| 245 ## - TITLE STATEMENT | |
| Title | EDUCATIONAL ELECTRONIC EXPERIMENTS SOLID STATE U.H.F MICROWAVE OSCILLATOR (IGHZ) |
| 260 ## - PUBLICATION, DISTRIBUTION, ETC. | |
| Place of publication, distribution, etc. | LONDON |
| Name of publisher, distributor, etc. | MULLARD |
| Date of publication, distribution, etc. | 1969 |
| 942 ## - ADDED ENTRY ELEMENTS (KOHA) | |
| Koha item type | Book |
| Withdrawn status | Lost status | Damaged status | Not for loan | Permanent Location | Current Location | Shelving location | Date acquired | Total Checkouts | Full call number | Barcode | Date last seen | Price effective from | Koha item type |
|---|---|---|---|---|---|---|---|---|---|---|---|---|---|
| College of Electrical & Mechanical Engineering (CEME) | College of Electrical & Mechanical Engineering (CEME) | General Stacks | 07/05/2017 | 621.381 EDU'M | CEME-6214 | 06/28/2021 | 06/28/2021 | Book |
